|
|
|
|
| LEADER |
00589nam#a2200205ua#4500 |
| 008 |
140827b ii||||| |||| 00| 0 hin d |
| 020 |
0 |
0 |
|a 8171195830
|
| 100 |
0 |
0 |
|a Sanjeev
|
| 245 |
0 |
0 |
|a Jangal jahan shuru hota hai /
|c Sanjeev
|
| 260 |
0 |
0 |
|a Delhi:
|b Radhakrishna Prakashan ,
|c c2000
|
| 546 |
|
|
|a In Hindi.
|
| 650 |
|
0 |
|a Hindi-Novel
|
| 653 |
|
|
|a Upanyas
|
| 942 |
|
|
|c BK
|
| 900 |
0 |
0 |
|a 20020130
|
| 901 |
0 |
0 |
|a HIN
|
| 902 |
0 |
0 |
|a 891.433
|
| 903 |
0 |
0 |
|a 92820
|
| 999 |
|
|
|c 247335
|d 247335
|
| 952 |
|
|
|0 0
|1 0
|4 0
|6 S_34
|7 0
|9 274647
|a HIN
|b HIN
|c S-34
|d 2016-06-15
|g 250.00
|i 19296
|l 0
|o S-34
|p HIN19296
|r 2016-06-15
|w 2016-06-15
|y BK
|